| 000 | 00000nam 2200000zi 4500 |
| 001 | 9.934415 |
| 003 | CaOODSP |
| 005 | 20240415155419 |
| 006 | m o d f |
| 007 | cr cn||||||||| |
| 008 | 240223t20242024onc o f000 0 fre d |
| 020 | |a9780660704388 |
| 040 | |aCaOODSP|bfre|erda|cCaOODSP |
| 043 | |an-cn--- |
| 086 | 1 |aCi4-260/2024F-PDF |
| 245 | 03|aLa mobilité des Autochtones et les frontières internationales du Canada : |bretour sur le passé et regard vers l’avenir. |
| 264 | 1|a[Ottawa] : |bGouvernement du Canada = Government of Canada, |c2024. |
| 264 | 4|c©2024 |
| 300 | |a1 ressource en ligne (32 pages) |
| 336 | |atexte|btxt|2rdacontent/fre |
| 337 | |ainformatique|bc|2rdamedia/fre |
| 338 | |aressource en ligne|bcr|2rdacarrier/fre |
| 500 | |aTitre de la couverture. |
| 500 | |aPublié aussi en anglais sous le titre : Indigenous mobility and Canada's international borders: reflecting back and looking forward. |
| 650 | 6|aAutochtones|zCanada|xRelations avec l'État. |
| 650 | 6|aAutochtones|zCanada|xÉmigration et immigration. |
| 651 | 6|aCanada|xÉmigration et immigration|xPolitique gouvernementale. |
| 710 | 1 |aCanada. |bImmigration, réfugiés et citoyenneté Canada, |eorganisme de publication. |
| 775 | 08|tIndigenous mobility and Canada's international borders : |w(CaOODSP)9.934414 |
| 856 | 40|qPDF|s7.80 Mo|uhttps://publications.gc.ca/collections/collection_2024/ircc/Ci4-260-2024-fra.pdf |
| 856 | 4 |qHTML|sS.O.|uhttps://www.canada.ca/fr/immigration-refugies-citoyennete/organisation/publications-guides/mobilite-autochtones.html |
| 986 | |a3740-03-2024 |